|
|
|
|
| LEADER |
02741nam a2200733 i 4500 |
| 001 |
nkc20253695260 |
| 003 |
CZ PrNK |
| 005 |
20250819103332.0 |
| 007 |
ta |
| 008 |
250708s2025 xr a g f 000 0 cze |
| 015 |
|
|
|a cnb003695260
|
| 020 |
|
|
|a 978-80-276-1067-9
|q (vázáno) :
|c Kč 599,00
|
| 035 |
|
|
|a (OCoLC)1531363543
|
| 040 |
|
|
|a BOA001
|b cze
|d ABA001
|e rda
|
| 041 |
1 |
|
|a cze
|h eng
|
| 043 |
|
|
|a e-uk---
|a n-us---
|
| 072 |
|
7 |
|a 791
|x Film. Cirkus. Lidová zábava
|2 Konspekt
|9 3
|
| 080 |
|
|
|a 791.221.8
|2 MRF
|
| 080 |
|
|
|a 791-5
|2 MRF
|
| 080 |
|
|
|a 133.4:674.5
|2 MRF
|
| 080 |
|
|
|a 791.621
|2 MRF
|
| 080 |
|
|
|a 793.8
|2 MRF
|
| 080 |
|
|
|a (410)
|2 MRF
|
| 080 |
|
|
|a (73)
|2 MRF
|
| 080 |
|
|
|a (035)
|2 MRF
|
| 080 |
|
|
|a (084.11)
|2 MRF
|
| 100 |
1 |
|
|a Peterson, Monique
|7 xx0158119
|4 aut
|
| 245 |
1 |
0 |
|a Sbírka hůlek :
|b z filmových sérií Harry Potter, Fantastic Beasts /
|c Monique Peterson, Jody Revenson ; z anglického originálu přeložila Radka Klimičková
|
| 246 |
3 |
|
|a Harry Potter - sbírka hůlek
|
| 246 |
3 |
|
|a Fantastic Beasts - sbírka hůlek
|
| 246 |
1 |
8 |
|a Harry Potter, Fantastic Beasts.
|p Sbírka hůlek
|
| 250 |
|
|
|a Nové, rozšířené vydání
|
| 264 |
|
1 |
|a Praha :
|b Slovart,
|c 2025
|
| 300 |
|
|
|a 186 stran, 9 nečíslovaných stran :
|b barevné ilustrace ;
|c 16 x 31 cm
|
| 336 |
|
|
|a text
|b txt
|2 rdacontent
|
| 336 |
|
|
|a statický obraz
|b sti
|2 rdacontent
|
| 337 |
|
|
|a bez média
|b n
|2 rdamedia
|
| 338 |
|
|
|a svazek
|b nc
|2 rdacarrier
|
| 504 |
|
|
|a Obsahuje bibliografické odkazy
|
| 630 |
0 |
7 |
|a Harry Potter
|7 unn2011631126
|2 czenas
|
| 630 |
0 |
7 |
|a Fantastic Beasts (film)
|7 unn20251268062
|2 czenas
|
| 650 |
0 |
7 |
|a fantasy filmy
|7 ph184277
|z Velká Británie
|2 czenas
|
| 650 |
0 |
7 |
|a fantasy filmy
|7 ph184277
|z Spojené státy americké
|2 czenas
|
| 650 |
0 |
7 |
|a filmové postavy
|7 ph203862
|2 czenas
|
| 650 |
0 |
7 |
|a čarodějnické hůlky
|7 ph1134272
|2 czenas
|
| 650 |
0 |
7 |
|a filmové rekvizity
|7 ph171230
|2 czenas
|
| 650 |
0 |
7 |
|a kouzelnictví
|7 ph171151
|2 czenas
|
| 650 |
0 |
9 |
|a fantasy films
|z Great Britain
|2 eczenas
|
| 650 |
0 |
9 |
|a fantasy films
|z United States
|2 eczenas
|
| 650 |
0 |
9 |
|a film characters
|2 eczenas
|
| 650 |
0 |
9 |
|a witch's wands
|2 eczenas
|
| 650 |
0 |
9 |
|a motion picture properties
|2 eczenas
|
| 650 |
0 |
9 |
|a conjuring
|2 eczenas
|
| 655 |
|
7 |
|a příručky
|7 fd133209
|2 czenas
|
| 655 |
|
7 |
|a obrazové publikace
|7 fd132947
|2 czenas
|
| 655 |
|
9 |
|a handbooks and manuals
|2 eczenas
|
| 655 |
|
9 |
|a pictorial works
|2 eczenas
|
| 700 |
1 |
|
|a Revenson, Jody
|7 mzk2015881367
|4 aut
|
| 700 |
1 |
|
|a Klimičková, Radka
|7 hka2015853804
|4 trl
|
| 910 |
2 |
|
|a BOA001
|b 4-1547.344
|
| 990 |
|
|
|a BK
|
| 995 |
|
|
|a 01
|
| 991 |
|
|
|b 202507
|c NOV
|
| 996 |
6 |
|
|b 2611008983
|c 4-1547.344
|l MZK
|r Sklad / do 1 hodiny
|n 0
|p p.v.
|w 002011682
|u 000010
|a 1
|e BOA001
|j MZK50
|s P
|